000
00458nam a2200169Ia 4500
008
090123s9999 xx 000 0 und d
082
_b
1538
100
_a
नंदा गुलशन
245
_a
सिसकते साज
250
_a
0
300
_a
236
600
_a
नंदा गुलशन
630
_a
सिसकते साज
700
_a
नंदा गुलशन
730
_a
सिसकते साज
942
_c
BOOK
999
_c
39621
_d
39621